000 01390nam a2200301 a 4500
001 BRCA_2794
005 20190320203954.0
008 081208s1905----sp-a---###---#000-0#spa-u
041 _aspa
044 _asp
084 _a251
_b.C355
_c1905
100 1 _aCervantes Saavedra, Miguel de
_d1547-1616
_9213
245 1 0 _aEl Ingenioso Hidalgo Don Quijote de la Mancha
_ccompuesto por Miguel de Cervantes Saavedra.
260 _aMadrid
_bSaturnino Calleja Fernández
_c1905
300 _axvii, 847 p.
_bil.
_c24 cm.
440 0 _aBiblioteca Perla
_nxx
_97845
500 _aContenido : Primera parte. Dedicatoria del autor. Prólogo del autor. Versos preliminares. Texto. Segunda parte. Dedicatoria del autor. Prólogo del autor. Texto
500 _aEdición : Edición ilustrada con 316 dibujos de M. Ángel, grabados por Carretero, Sampietro y Santamarina
500 _aEdición similar a la que publicó la misma Casa editorial en 1904. Lomera y cubiertas decoradas con motivos quijotiles en varios colores Lúdovik Osterc
500 _aQM1130
650 1 4 _aNovela española
_yÉpoca clásica, 1500-1700
_9215
650 1 4 _aLiteratura española
_yÉpoca clásica, 1500-1700
_9216
650 1 4 _aNovela española
_ySiglo XVII
_9217
650 1 4 _aDon Quijote (Personaje ficticio)
_eNovela
_9218
740 0 _aEl Ingenioso Hidalgo Don Quijote de la Mancha
902 _aQFM
942 _2lcc
_cB
999 _c2534
_d2534